01252 2200193 4500245002600000020002200026250001100048100001100059700001900070700002100089650001700110005001900127260003100146041001400177084001100191300002900202500081800231336000901049 aAngkasacTresiahText a978-623-6456-00-2 aCet. 1 aTresia aHaykal Bukhari aIndah Rakhmawati aFiksi Remaja a20250310074055 aDepokbCoconut Booksc2021 aIndonesia a808.83 a396 hlm. ilus., 20 cm. : aKasus tewasnya seorang murid laki-laki dari SMA Mahatma telah memicu sebuah perseteruan di antara dua kubu, yaitu SAKGAR dan Bara Merah. Amarah, dendam, dan juga ketidakpuasan telah melebur jadi satu. Sebagai Ketua SAKGAR, Angkasa berusaha untuk melindungi setiap anggotanya dan juga orang-orang terdekatnya dari marabahaya yang mengancam. Termasuk juga melindungi keselamatan seorang gadis yang secara perlahan mulai masuk ke dalam hidupnya, yaitu Raya.Raya Lestari, yaitu seorang gadis yang memiliki sebuah rahasia besar yang tidak diketahui oleh Angkasa. Kehadiran Raya memiliki sebuah makna tersendiri dalam hidup Angkasa. Hingga pada akhirnya, Raya berhasil membuatnya jatuh ke dalam lubang kekecewaan yang paling dalam. Hubungan keduanya pun jadi lebih rumit dari biasanya, terjebak di dalam sebuah pilihan. atext